000 00681nam a2200253 i 4500
001 C2-0313816
003 PPAK
005 20180728105542.0
008 111128s2010 my a|||| ||||| | may d
020 _a9789673171873
040 _aPPAK
_beng
_cPPAK
_erda
082 0 4 _a398.24
_223
090 0 0 _a398.24
_bJAK
_dK
245 0 0 _aJakal dan dram
264 1 _aKuala Lumpur :
_bKohwai & Young ,
_c2010
300 _a16 pages :
_bcolour illustrations ;
_c25 cm
336 _2rdacontent
_atext
337 _2rdamedia
_aunmediated
338 _2rdacarrier
_avolume
490 1 _aSiri nilai-nilai murni
650 1 0 _aFables.
830 0 _aSiri nilai-nilai murni
942 _ddc
_cB
999 _c115465
_d115465